00226 a2200109 4500001000700000020000600007040001100013100002000024240003400044245002900078362000900107168903 a  cMagnum aCabral, Antonio10aJogos populares infantislpor10aJogos populares infantis0 a1899